Codigo Commercial Portuguez (Registo nº 201848)
[ vista simples ]
| 000 -Etiqueta do registo | |
|---|---|
| Valores | 02169nam 22002653 4500 |
| 021 ## - Número do Depósito Legal | |
| Código do país | Portugal |
| 100 ## - Dados gerais de processamento | |
| Dados gerais | 20250210d u||y0pory50 ba |
| 200 ## - Titulo e menção de responsabilidade | |
| Título próprio | Codigo Commercial Portuguez |
| Informação de outro título | [José Ferreira Borges] |
| 210 ## - Publicação | |
| Local de publicação | [S.l.] |
| Nome do editor | [s.n.] |
| Data de publicação | 1833 |
| 215 ## - Descrição física | |
| Paginação / Volumes | VIII, 784 p. |
| Outras indicações físicas | encadernado |
| Dimensões | 21 cm |
| 300 ## - Notas gerais | |
| Texto da nota | Leis, decretos, etc. Código Comercial, 1833<br/>Código comercial português<br/> |
| 304 ## - Nota relativa ao título | |
| Texto de nota | Parte primeira do commercio terrestre : livro I da pessoas do commercio |
| 500 ## - Título uniforme | |
| Título uniforme | Leis, decretos, etc. |
| 606 ## - Nome comum usado como assunto | |
| ID Autoridade | 7813 |
| Palavra de ordem | Direito |
| 610 ## - Termos não controlados | |
| Palavra de ordem | Código Comercial |
| 610 ## - Termos não controlados | |
| Palavra de ordem | Código das Sociedades Comerciais |
| 610 ## - Termos não controlados | |
| Palavra de ordem | Direito Comercial |
| 675 ## - CDU | |
| Notação | 347.7(469) |
| Edição | PT |
| Língua | por |
| 702 ## - Autor secundário (pessoa individual) | |
| ID Autoridade | 8036 |
| Apelido | Borges |
| Nome | José Ferreira |
| 710 ## - Autor principal (colectividade) | |
| ID Autoridade | 10692 |
| Nome da entidade | PORTUGAL. |
| 801 ## - Fonte de origem | |
| País | PT |
| Agência | BMMN |
| Regras de catalogação | RPC |
| 830 ## - Notas gerais do catalogador | |
| Criado por | Ana Falardo |
| Indexado por | Ana Falardo |
| 990 ## - Elementos KOHA | |
| Tipo de documento | Livro |
| Situação do levantamento | Biblioteca de origem | Código de barras | Cota | Permissão de empréstimo | Tipo de documento | Nota relativa ao exemplar | Forma de aquisição |
|---|---|---|---|---|---|---|---|
| Biblioteca Municipal de Montemor-o-Novo | 31230 | 347.7 COD|SAF | Livro | Acesso Condicionado | Oferta |